| 000 | 005340000a22001690004500 | ||
|---|---|---|---|
| 090 |
_aAR _b00768 |
||
| 245 | 1 | 0 | _aTropical forest biodiversity: distributional patterns and their conservational significance |
| 650 | 1 | 4 |
_aFitogeografía _992958 |
| 650 | 1 | 4 |
_aRiqueza de especies _93326 |
| 650 | 1 | 4 |
_aDistribución geográfica _992997 |
| 650 | 1 | 4 |
_aEndemismo _948559 |
| 650 | 1 | 4 |
_aAmazonia _9135 |
| 041 | 0 | _aInglés | |
| 100 | 1 |
_aGentry, Alwyn H. _93673 |
|
| 942 | _cARTICULO | ||
| 773 | 1 |
_tOIKOS: Journal of Ecology _3911 _h1 _q19-28 _d1992 _g63 |
|
| 999 |
_c9859 _d9859 |
||